000 00578nam a2200181Ia 4500
008 240729s9999 xx 000 0 und d
022 _a2411-2119
245 0 _aParks
260 _aSwitzerland
260 _bInternational Union for Conservation of Nature (IUCN)
650 _a Environmental protection | Geography. Anthropology. Recreation
650 _a Environmental sciences
650 _a Environmental technology. Sanitary engineering
650 _aTechnology
856 _uhttps://doaj.org/toc/c98817464944413b8ad0d3fd2d543085
942 _2ddc
942 _cDOAJEJ
999 _c75024
_d75024
945 _a1
_bMadushi Gamage
_c1
_dMadushi Gamage